000
00293nam a2200121Ia 4500
008
191201s2009 xx 000 0 und d
100
_a
SKOLNIK, Merrill
245
0
_a
Introduction to Radar Systems
260
_a
N. Delhi
_b
TMH
_c
2009
300
_a
774
650
_a
B.Tech(ECE)
942
_2
ddc
_c
BK
999
_c
6347
_d
6347